| 000 | 00614nam a22001817a 4500 | ||
|---|---|---|---|
| 003 | UA-OsUOA | ||
| 001 | 9197 | ||
| 007 | ta | ||
| 008 | 20041021b un ||||| |||| 00| 0 ukr d | ||
| 100 | _aТершко М. | ||
| 942 | _cSA | ||
| 040 |
_aUA-OsUOA _cUA-OsUOA _dUA-OsUOA |
||
| 245 |
_aЗдоров'я рослин від "Сингенти" _b[Наук.-практ. семінар на базі Рівнен. насін. з-ду ] |
||
| 300 | _aС.2 | ||
| 955 | _a0 | ||
| 773 | 0 |
_w0 _tВісті Рівненщини _dРівне _d2004 _g№96/97/15 жовт./ |
|
| 650 | 7 |
_aНасінневі заводи _2UDC |
|
| 999 |
_c295358 _d295358 |
||